000 01477nam0a2200361 4500
001 RU\NLR\BIBL_A\010527222
005 20260408194932.0
010 _a978-5-98242-139-5
_9100
021 _aRU
_b2014-66262
_94046
035 _a(NLR Aleph) 010527222
035 _a(NILC)RuMoRGB-007545824
090 _a10240751
_c10240751
100 _a20141111d2011 k y0rusy50 ca
101 0 _arus
102 _aRU
105 _ay|||z|||000yy
200 1 _aКатегории субъекта и лица в свете концепций предикативности
_fН. И. Дзенс
_gМ-во образования и науки Рос. Федерации, НИУ ВПО, Белгор. гос. ун-т
210 _aБелгород
_cПолитера
_d2011
215 _a249 с.
_d21
320 _aБиблиогр.: с. 239-249 (164 назв.) и в тексте
606 1 _aКатегория субъектности
_92158277
_3RU\NLR\AUTH\661603810
606 1 _aКатегория лица
_9896283
_3RU\NLR\AUTH\66325114
606 1 _aКатегория предикативности
_9896413
_3RU\NLR\AUTH\66325179
606 _aПредложение (лингв.)
_3RU\NLR\AUTH\661379419
_92304298
686 1 _aШ102.22
686 1 _aШ103.2
700 1 _aДзенс
_bН. И.
_gНадежда Ивановна
801 0 _aRU
_bРГБ
_c20140902
_gRCR
942 _cBOOK
980 _aNBR
980 _aNB